[Event "Bogota Centro Comercial op 2nd"]
[Site "Bogota"]
[Date "2024.04.14"]
[Round "7"]
[White "Santagada, Hector Ricardo"]
[Black "Moreno Sierra, Juan David"]
[Result "0-1"]
[WhiteElo "1859"]
[BlackElo "1767"]
[PlyCount "126"]
[EventDate "2024.04.14"]
[EventType "swiss"]
[EventRounds "7"]
[EventCountry "COL"]
[SourceTitle "CB16_2024"]
[SourceDate "2024.04.17"]
[SourceVersion "1"]
[SourceVersionDate "2024.04.17"]
[SourceQuality "1"]

1. e4 e6 2. d4 d5 3. Nd2 dxe4 4. Nxe4 Nd7 5. Nf3 Be7 6. c3 Ngf6 7. Bd3 0-0 8. 0-0 b6 9. Bg5 Bb7 10. Nxf6+ Nxf6 11. Re1 h6 12. Bh4 Rc8 13. Bxf6 Bxf6 14. Be4 Bxe4 15. Rxe4 c5 16. dxc5 Rxc5 17. h3 Rd5 18. Qe2 Qd7 19. a4 Rd8 20. a5 bxa5 21. Rea4 Rd1+ 22. Kh2 Qd6+ 23. g3 Rxa1 24. Rxa1 Qb6 25. Kg2 a6 26. Ra4 Rb8 27. Nd4 Bxd4 28. Rxd4 Qxb2 29. Qxb2 Rxb2 30. Rd6 Rb5 31. Rxa6 Rc5 32. h4 Kh7 33. g4 Rc4 34. f3 a4 35. Kg3 Kg6 36. h5+ Kf6 37. Ra7 e5 38. Ra6+ Kg5 39. Ra5 f6 40. Ra7 g6 41. hxg6 Kxg6 42. Ra5 h5 43. gxh5+ Kxh5 44. Kf2 Kg5 45. Kg3 Kf5 46. Ra6 Kg5 47. Ra5 Rxc3 48. Rxa4 f5 49. Kf2 Rc2+ 50. Ke3 f4+ 51. Kd3 Rf2 52. Ke4 Re2+ 53. Kd5 Kh4 54. Ra3 Re3 55. Ra8 Kg3 56. Rh8 Kxf3 57. Rh3+ Ke2 58. Rh2+ Kd3 59. Ra2 f3 60. Ra3+ Ke2 61. Ra2+ Kf1 62. Rh2 f2 63. Ke6 Kg1 0-1

[Event "Cali Valle Colombia op-B"]
[Site "Cali Valle Colombia"]
[Date "2022.12.29"]
[Round "6"]
[White "Moreno Sierra, Juan David"]
[Black "Montoya Altamirano, Juan Pablo"]
[Result "1/2-1/2"]
[WhiteElo "1400"]
[BlackElo "1151"]
[PlyCount "72"]
[EventDate "2022.12.26"]
[EventType "swiss"]
[EventRounds "8"]
[EventCountry "COL"]
[SourceTitle "CBM 211 Extra"]
[Source "ChessBase"]
[SourceDate "2023.01.31"]
[SourceVersion "1"]
[SourceVersionDate "2023.01.31"]
[SourceQuality "1"]

1. c4 e6 2. Nc3 Nf6 3. g3 d5 4. d4 Nbd7 5. Bg2 c6 6. Nf3 Bd6 7. 0-0 h6 8. b3 b6 9. Re1 0-0 10. e4 dxe4 11. Nxe4 Nxe4 12. Rxe4 Nf6 13. Re2 Bb7 14. Bb2 Qe7 15. Ne5 Bxe5 16. dxe5 Rfd8 17. Rd2 Rxd2 18. Qxd2 Nd7 19. Rd1 Nc5 20. b4 Na4 21. Ba1 a5 22. Qd7 Qxd7 23. Rxd7 Rb8 24. Rc7 axb4 25. Bxc6 Bxc6 26. Rxc6 Rd8 27. Rd6 Rc8 28. Bd4 Rxc4 29. Bxb6 Nxb6 30. Rxb6 Kf8 31. Rb7 Rc2 32. Rxb4 Rxa2 33. Rb8+ Ke7 34. Kg2 Re2 35. Rb5 g5 36. Kf3 Re1 1/2-1/2

[Event "COL Subzt 2.3.4"]
[Site "Risarald"]
[Date "2021.11.26"]
[Round "7"]
[White "Moreno Sierra, Juan David"]
[Black "Montoya, Nerio Antonio"]
[Result "1-0"]
[WhiteElo "1359"]
[BlackElo "1740"]
[PlyCount "88"]
[EventDate "2021.11.23"]
[EventType "swiss"]
[EventRounds "9"]
[EventCountry "COL"]
[SourceTitle "CBM 205 Extra"]
[Source "ChessBase"]
[SourceDate "2022.01.31"]
[SourceVersion "1"]
[SourceVersionDate "2022.01.31"]
[SourceQuality "1"]

1. c4 Nf6 2. Nc3 g6 3. g3 Bg7 4. Bg2 0-0 5. Nf3 Nc6 6. 0-0 e5 7. d4 exd4 8. Nxd4 Nxd4 9. Qxd4 Ne8 10. Qd3 c6 11. Bf4 Nc7 12. Rad1 Ne6 13. Bd6 Re8 14. b3 Bf8 15. Ne4 Bg7 16. Nc5 b6 17. Nxe6 Rxe6 18. b4 Bf8 19. Bxf8 Qxf8 20. b5 Rb8 21. Bh3 Re7 22. Rd2 cxb5 23. cxb5 Bb7 24. Qa3 a5 25. bxa6 Ra8 26. a7 d5 27. Bg2 Bc8 28. Bxd5 Raxa7 29. Qb3 Be6 30. e3 Rad7 31. Rfd1 Rd6 32. Bxe6 Rexe6 33. Qc4 Rxd2 34. Rxd2 Rd6 35. Rxd6 Qxd6 36. Qd4 Qa3 37. Qxb6 Qxa2 38. Qb8+ Kg7 39. Qe5+ Kg8 40. e4 Qe2 41. Kg2 Qc2 42. Kf3 h6 43. h4 Qb3+ 44. Kf4 Qc2 1-0

[Event "COL Subzt 2.3.4"]
[Site "Risarald"]
[Date "2021.11.25"]
[Round "4"]
[White "Moreno Sierra, Juan David"]
[Black "Ballesteros Diaz, Jefree Daniel"]
[Result "0-1"]
[WhiteElo "1359"]
[BlackElo "1685"]
[PlyCount "140"]
[EventDate "2021.11.23"]
[EventType "swiss"]
[EventRounds "9"]
[EventCountry "COL"]
[SourceTitle "CBM 205 Extra"]
[Source "ChessBase"]
[SourceDate "2022.01.31"]
[SourceVersion "1"]
[SourceVersionDate "2022.01.31"]
[SourceQuality "1"]

1. c4 e5 2. Nc3 Nf6 3. g3 Bc5 4. Bg2 0-0 5. Nf3 Nc6 6. 0-0 a6 7. Nxe5 Nxe5 8. d4 Ba7 9. dxe5 Ng4 10. Bf4 g5 11. Bc1 Nxe5 12. Qd5 d6 13. b3 Rb8 14. Kh1 Bd7 15. Bxg5 Qxg5 16. f4 Qg6 17. fxe5 Bc6 18. Qd3 Qxd3 19. exd3 Bxg2+ 20. Kxg2 Bd4 21. Rac1 Bxe5 22. Nd5 c6 23. Nf6+ Bxf6 24. Rxf6 Rbd8 25. Rcf1 Rd7 26. R1f4 Kg7 27. R6f5 Re8 28. Kf3 Re6 29. h4 Rde7 30. Re4 Rxe4 31. dxe4 f6 32. Kf4 b5 33. c5 dxc5 34. Rxc5 Re6 35. e5 fxe5+ 36. Rxe5 Rd6 37. Re7+ Kg6 38. Ke5 Rd5+ 39. Ke4 Rd6 40. Ra7 c5 41. Rc7 Rd4+ 42. Ke5 Rg4 43. Rxc5 Rxg3 44. Kf4 Rd3 45. Rc6+ Kh5 46. Rxa6 Rd4+ 47. Kg3 Rg4+ 48. Kf3 Rxh4 49. Ra5 Rb4 50. Ra6 Kg5 51. Rc6 Rf4+ 52. Ke3 Rf5 53. b4 h5 54. Ra6 h4 55. a4 h3 56. axb5 Rxb5 57. Ra1 Rxb4 58. Rg1+ Kh4 59. Kf3 Rb3+ 60. Kf2 Rb2+ 61. Kf3 h2 62. Rh1 Kh3 63. Re1 Rg2 64. Re6 Rg3+ 65. Kf2 Rf3+ 66. Ke2 Rf4 67. Ke3 Rh4 68. Kf2 h1Q 69. Re3+ Kg4 70. Re8 Rh2+ 0-1

[Event "COL Subzt 2.3.4"]
[Site "Risarald"]
[Date "2021.11.24"]
[Round "3"]
[White "Clavijo Romero, Leonardo"]
[Black "Moreno Sierra, Juan David"]
[Result "1-0"]
[WhiteElo "1783"]
[BlackElo "1359"]
[PlyCount "51"]
[EventDate "2021.11.23"]
[EventType "swiss"]
[EventRounds "9"]
[EventCountry "COL"]
[SourceTitle "CBM 205 Extra"]
[Source "ChessBase"]
[SourceDate "2022.01.31"]
[SourceVersion "1"]
[SourceVersionDate "2022.01.31"]
[SourceQuality "1"]

1. d4 d5 2. Bf4 c6 3. e3 Nf6 4. c4 e6 5. Nc3 dxc4 6. Bxc4 b5 7. Bd3 Bb7 8. Nf3 Bd6 9. Ne5 a6 10. 0-0 0-0 11. Ne4 Nxe4 12. Bxe4 Bxe5 13. Bxe5 Nd7 14. Bg3 Ra7 15. Qc2 Nf6 16. Bxc6 Nh5 17. Qc5 Nxg3 18. Qxa7 Ne2+ 19. Kh1 Bxc6 20. Qc5 Qa8 21. f3 Bd5 22. Qc2 Bc4 23. Rf2 Qd5 24. b3 Nxd4 25. exd4 Bxb3 26. axb3 1-0

[Event "COL Subzt 2.3.4"]
[Site "Risarald"]
[Date "2021.11.23"]
[Round "1"]
[White "Mesa Baez, Samuel"]
[Black "Moreno Sierra, Juan David"]
[Result "1-0"]
[WhiteElo "1855"]
[BlackElo "1359"]
[PlyCount "75"]
[EventDate "2021.11.23"]
[EventType "swiss"]
[EventRounds "9"]
[EventCountry "COL"]
[SourceTitle "CBM 205 Extra"]
[Source "ChessBase"]
[SourceDate "2022.01.31"]
[SourceVersion "1"]
[SourceVersionDate "2022.01.31"]
[SourceQuality "1"]

1. e4 d5 2. e5 Bf5 3. d4 e6 4. Bd3 Bxd3 5. Qxd3 Nd7 6. f4 Nh6 7. Nf3 Be7 8. Nbd2 Nb6 9. Nf1 Nf5 10. Ne3 Nxe3 11. Bxe3 a6 12. 0-0 Rc8 13. f5 exf5 14. Qxf5 Qd7 15. Qh5 Qe6 16. Rae1 0-0 17. Ng5 Bxg5 18. Bxg5 Qg6 19. Qxg6 hxg6 20. e6 f6 21. Bd2 Rfe8 22. b3 c5 23. Ba5 Na8 24. c4 dxc4 25. d5 b6 26. Bd2 cxb3 27. d6 Rcd8 28. Bf4 b2 29. d7 Re7 30. Bd6 Rexd7 31. exd7 Rxd7 32. Bg3 Kh7 33. Rf2 b5 34. Rxb2 Nb6 35. Bf2 Na4 36. Rc2 c4 37. Rb1 Rd5 38. h3 1-0